| 000 | 00000nam##2200000za#4500 |
| 001 | 9.591882 |
| 003 | CaOODSP |
| 005 | 20210624200915 |
| 007 | cr ||||||||||| |
| 008 | 150406|2004||||xxc|||||o f|0| 0 fre|d |
| 020 | |a0-662-77476-0 |
| 040 | |aCaOODSP|bfre |
| 043 | |an-cn--- |
| 086 | 1 |aHS3-1/603-07-04F-PDF |
| 110 | 1 |aCanada. |bRessources humaines et développement des compétences Canada. |
| 245 | 10|aVérification de la gestion des renseignements personnels |h[ressource électronique] |
| 260 | |aOttawa - Ontario : |bRessources humaines et Développement des compétences Canada |cMai 2004. |
| 300 | |a69p.|bfigure, tableaux |
| 490 | 1 |aPolitique stratégique - document de travail |vSP-603-07-04F |
| 590 | |a11-27-Supp|b2011-11-15 |
| 691 | 07|aRenseignements personnels|2gcpds |
| 775 | 08|tAudit of management of personal information |w(CaOODSP)9.559068 |
| 830 | #0|aPolitique stratégique - document de travail ;|vSP-603-07-04F|w(CaOODSP)9.501183 |
| 856 | 40|ahttp://publications.gc.ca|qPDF|s986 Ko|uhttps://publications.gc.ca/collections/collection_2011/rhdcc-hrsdc/HS3-1-603-07-04-fra.pdf|ySP-603-07-04F |